| 000 | 00671nam a2200253Ia 4500 | ||
|---|---|---|---|
| 001 | 48442 | ||
| 005 | 20240114003909.0 | ||
| 007 | ta | ||
| 008 | 090514s1993 g b000 u 465 u | ||
| 040 | _aCotton College,Assam | ||
| 041 | _a465 | ||
| 082 |
_a330.155 _bSe 55 Qu |
||
| 100 | _aNussbaum, Martha . | ||
| 245 | 0 |
_aThe Quality of Life / _cMartha Nussbaum, Amartya Sen. _hTextual Documents |
|
| 250 | _a1st ed / | ||
| 260 |
_aNew Delhi : _bOxford University Press , _c1993. |
||
| 300 |
_a432p ; _c23 cm. |
||
| 653 | _aEconomics | ||
| 653 | _aG-Economics | ||
| 700 | _aSen, Amartya. | ||
| 942 |
_2ddc _cBK |
||
| 999 |
_c48407 _d48407 |
||